Metallica - Nothing Else Matters lyrics - Statistics

General Stats
  • This quiz has been taken 10 times
  • The average score is 201 of 223
Answer Stats
Answer % Correct
a
100%
And
100%
and
100%
are
100%
be
100%
close,
100%
close
100%
Couldn't
100%
couldn't
100%
day
100%
different
100%
else
100%
Every
100%
far
100%
find
100%
for
100%
Forever
100%
from
100%
heart
100%
how
100%
I
100%
in
100%
know
100%
know,
100%
matter
100%
matters
100%
more
100%
much
100%
new
100%
no
100%
No,
100%
nothing
100%
So
100%
the
100%
Trust
100%
view
100%
we
100%
who
100%
you
100%
All
80%
cared
80%
do
80%
don't
80%
is
80%
just
80%
Life
80%
live
80%
mind
80%
Never
80%
never
80%
Open
80%
opened
80%
our
80%
ours,
80%
say
80%
something
80%
these
80%
they
80%
this
80%
us
80%
way
80%
what
80%
words,
80%
But
60%
it
60%
It
60%
myself
60%
seek
60%
trusting
60%
yeah-
60%
yeah
60%
games
40%
play
40%
No matching quizzes found
Score Distribution
Percent of People with Each Score
Percentile by Number Answered
Your Score History
You have not taken this quiz